Państwa o mniejszej liczbie ludności niż Krosno - Statystyki

Ogólne statystyki
  • Ten quiz został rozwiązany 34 razy
  • Średni wynik to 6 z 7
Statystyki odpowiedzi
Kontynent Populacja Państwo % Poprawnych
Europa 1 000 Watykan
100%
Europa 31 400 Monako
93%
Europa 34 682 San Marino
93%
Europa 39 711 Liechtenstein
90%
Australia i Oceania 21 695 Palau
86%
Australia i Oceania 11 544 Tuvalu
76%
Australia i Oceania 9 811 Nauru
69%
Nie znaleziono quizów pasujących do podanych kryteriów
Rozkład punktacji
Procent ludzi z każdym wynikiem
Percentyl według liczby udzielonych odpowiedzi
Twoja historia wyników
Nie rozwiązałeś tego quizu